Sovereign debt at the crossroads : (Record no. 2081)
[ view plain ]
| 000 -LEADER | |
|---|---|
| fixed length control field | 02740nac a22002891u 4500 |
| 010 ## - LIBRARY OF CONGRESS CONTROL NUMBER | |
| LC control number | 2005004309 |
| 020 ## - INTERNATIONAL STANDARD BOOK NUMBER | |
| International Standard Book Number | 0195168003 (cloth : alk. paper) |
| 020 ## - INTERNATIONAL STANDARD BOOK NUMBER | |
| International Standard Book Number | 0195168011 (pbk. : alk. paper) - 0195168011 |
| 035 ## - SYSTEM CONTROL NUMBER | |
| System control number | (OCoLC)ocm57730750 |
| 082 00 - DEWEY DECIMAL CLASSIFICATION NUMBER | |
| Classification number | 336.3435091724 |
| Item number | J585 |
| 090 ## - LOCALLY ASSIGNED LC-TYPE CALL NUMBER (OCLC); LOCAL CALL NUMBER (OCLC) | |
| -- | 2081 |
| -- | 2081 |
| 100 ## - MAIN ENTRY--PERSONAL NAME | |
| Personal name | 20080729 |
| 245 00 - TITLE STATEMENT | |
| Title | Sovereign debt at the crossroads : |
| Remainder of title | challenges and proposals for resolving the third world debt crisis / |
| Statement of responsibility, etc | edited by Chris Jochnick, Fraser A. Preston. |
| 260 ## - PUBLICATION, DISTRIBUTION, ETC. (IMPRINT) | |
| Place of publication, distribution, etc | Oxford : |
| -- | New York : |
| Name of publisher, distributor, etc | Oxford University Press,2006 |
| Date of publication, distribution, etc | 2006. |
| 300 ## - PHYSICAL DESCRIPTION | |
| Extent | xv, 336 p. : |
| Other physical details | ill. ; |
| Dimensions | 24 cm. |
| 504 ## - BIBLIOGRAPHY, ETC. NOTE | |
| Bibliography, etc | Includes bibliographical references and index. |
| 505 0# - FORMATTED CONTENTS NOTE | |
| Formatted contents note | Foreword: Jeffrey D. Sachs -- Contributors -- Introduction -- Creditor initiatives in the 1980s and 1990s / David Roodman -- Playing games with African lives: the G-7 debt relief strategy and the politics of indifference / Fantu Cheru -- Sovereign debt and debt crisis in emerging countries: the experience of the 1990s / Daniel Marx, Jose Echague, and Guido Sandleris -- Ecological debt--the economic possibilities for our grandchildren / Andrew Simms -- Defining "illegitimate debt": when creditors should be liable for improper loans / Joseph Hanlon -- The legal case for debt repudiation / Chris Jochnick -- Ethics, market and government failure, and globalization: perspectives on debt and finance / J.E. Stiglitz -- Helping the poor to help themselves: debt relief or aid? / Serkan Arslanalp and Peter Blair Henry -- Using international finance to further conservation: the first 15 years of debt-for-nature swaps / William K. Reilly -- Odious debt / Seema Jayachandran and Michael Kremer -- Dealing comprehensively, and justly, with sovereign debt / Jack Boorman -- The IMF's SDRM--simply disastrous rescheduling management? / Kunibert Raffer -- Dealing with sovereign debt: trends and implications / Arturo C. Porzecanski -- The jubilee 2000 campaign: a brief overview / Ann Pettifor. |
| 650 #0 - SUBJECT ADDED ENTRY--TOPICAL TERM | |
| Topical term or geographic name as entry element | Debts, External |
| Geographic subdivision | Developing countries. |
| 650 #0 - SUBJECT ADDED ENTRY--TOPICAL TERM | |
| Topical term or geographic name as entry element | Debt relief |
| Geographic subdivision | Developing countries. |
| 700 1# - ADDED ENTRY--PERSONAL NAME | |
| Personal name | Jochnick, Chris. |
| 700 1# - ADDED ENTRY--PERSONAL NAME | |
| Personal name | Preston, Fraser A. |
| 856 41 - ELECTRONIC LOCATION AND ACCESS | |
| Materials specified | Table of contents only |
| Uniform Resource Identifier | <a href="http://www.loc.gov/catdir/toc/ecip058/2005004309.html">http://www.loc.gov/catdir/toc/ecip058/2005004309.html</a> |
| 856 41 - ELECTRONIC LOCATION AND ACCESS | |
| Materials specified | Publisher description |
| Uniform Resource Identifier | <a href="http://www.loc.gov/catdir/enhancements/fy0639/2005004309-d.html">http://www.loc.gov/catdir/enhancements/fy0639/2005004309-d.html</a> |
| 942 ## - ADDED ENTRY ELEMENTS (KOHA) | |
| Item type | Book - Borrowing |
| Call number prefix | 336.3435091724J585 |
| Withdrawn status | Item status | Damaged status | Not for loan | Home library | Current library | Shelving location | Date acquired | Source of acquisition | Total Checkouts | Total Renewals | Full call number | Barcode | Date last seen | Date last borrowed | Cost, replacement price | Koha item type |
|---|---|---|---|---|---|---|---|---|---|---|---|---|---|---|---|---|
| Central Library | Central Library | First floor | 07/02/2011 | Purchase | 2 | 4 | 336.3435091724 SOV | 000002266 | 15/07/2025 | 15/10/2014 | 220.90 | Book - Borrowing | ||||
| Central Library | Central Library | First floor | 07/02/2012 | Purchase | 5 | 9 | 336.3435091724 SOV | 000002235 | 15/07/2025 | 27/07/2015 | 220.90 | Book - Borrowing |